000 01142nam a2200277 i 4500
001 191576
003 ES-MaACL
005 20240213124347.0
008 220930s2000 cl 00 spa d
040 _aBUDC
245 0 3 _aEl manual de preservación de bibliotecas y archivos del Northeast Document Conservation Center /
_ceditado por Sherelyn Ogden.
250 _a3 ed. rev. y amp.
260 _aSantiago de Chile :
_bCentro Nacional de Conservación y Restauración,
_c2000.
300 _a370 p. :
_bil. ;
_c30 cm.
490 1 _aPublicaciones (Centro Nacional de Conservasión y Restauración (Chile))
500 _aEjemplar fotocopiado.
504 _aBibliografía.
650 4 _aMateriales bibliotecarios-
_xPreservación.
_9175309
700 1 _aOgden, Sherelyn.
_9175324
710 2 _aNortheast Document Conservation Center.
_9175323
710 2 _aCentro Nacional de Conservación y Restauración (Chile)
_9175322
830 1 _aPublicaciones (Centro Nacional de Conservasión y Restauración (Chile))
_9226046
852 _aES-MaACL
_jA-15163
_9 198860
_cDEPO1
_dOlim: 025.85 man
942 _2udc
999 _c191576
_d191576